International mathematical olympiads, 1978-1985, and forty supplementary problems /
Guardado en:
| Autor Principal: | |
|---|---|
| Autor Corporativo: | |
| Formato: | Libro |
| Idioma: | English |
| Publicado: |
Washington, D.C. :
Mathematical Association of America,
c1986.
|
| Series: | New mathematical library ;
31 |
| Materias: | |
| Etiquetas: |
Agregar Etiqueta
Sin Etiquetas, Sea el primero en etiquetar este registro!
|
| LEADER | 00833nam a2200217 a 4500 | ||
|---|---|---|---|
| 001 | MAT.inmabb004059 | ||
| 008 | 871005s1986####dcua#####b####000#0#eng## | ||
| 005 | 20160315174139.0 | ||
| 245 | 1 | 0 | |a International mathematical olympiads, 1978-1985, and forty supplementary problems / |c compiled and with solutions by Murray S. Klamkin. |
| 260 | |a Washington, D.C. : |b Mathematical Association of America, |c c1986. | ||
| 300 | |a xii, 141 p. : |b il. ; |c 23 cm. | ||
| 440 | 0 | |a New mathematical library ; |v 31 | |
| 504 | |a Bibliografía: p. [135]-141. | ||
| 020 | |a 088385631X (pbk.) |z 088386631X | ||
| 100 | 1 | |a Klamkin, Murray S. | |
| 710 | 2 | |a Mathematical Association of America. | |
| 650 | 0 | |a Mathematics |x Problems, exercises, etc. | |
| 084 | |a 00A07 |2 MR | ||
| 010 | |a 86061792 | ||
| 040 | |a DLC |c DLC |d DLC | ||
| 859 | |h 00A07 |i K63i |p A-8309 |b BIB. MATEMATICA | ||
